| 000 | 01380nam a2200265 a 4500 | ||
|---|---|---|---|
| 001 | 13497 | ||
| 003 | BD-JhCC | ||
| 005 | 20231017104817.0 | ||
| 008 | 231017b20152017bg |||| ||a| 000 0 ben d | ||
| 035 | _a(BD-JhCC)13497 | ||
| 040 |
_aBD-JhCC _dBD-JhCC |
||
| 041 | _abengali | ||
| 082 |
_a340.59 _bUSM 2017 |
||
| 100 | _aহাফিযাহুল্লাহ, মুহাম্মদ তকী উসমানী | ||
| 245 |
_aইসলামের দৃষ্টিতে সুদ ও বিকল্প প্রস্তাব / _cমুহাম্মদ তকী উসমানী হাফিযাহুল্লাহ, শায়খুল ইসলাম জাস্টিস মুফতী, অনু:আবদুল্লাহ আল ফারুক, মুফতী ইমদাদুল ইসলাম। |
||
| 260 |
_aঢাকা: _b মাকতাবাতুল আযহার; _c2017. |
||
| 300 |
_a352 p. : _c22 cm. |
||
| 490 | _aইসলামী ও আধুুনিক অর্থব্যবস্থা সিরিজ- ৬ | ||
| 650 | _aIslamic Law. | ||
| 700 | _aমুফতী, শায়খুল ইসলাম জাস্টিস | ||
| 700 | _aফারুক, অনু:আবদুল্লাহ আল | ||
| 700 | _aইসলাম,মুফতী ইমদাদুল | ||
| 942 |
_2ddc _cBK |
||
| 999 |
_c13497 _d13497 |
||